000 00682nam a2200241 i 4500
001 47889
003 ES-MaACL
005 20230906161645.0
007 t|
008 030625s2002 sp ||||0| spa j
020 _a84-7844-594-3
040 _aM-BN
_bspa
_cM-BN
080 _a821.133.1-31"19"
100 1 _aVargas, Fred.
_9113193
245 1 0 _aLos que van a morir te saludan /
_cFred Vargas ; traducción de Blanca Riestra.
260 _aMadrid :
_bSiruela,
_c[2002]
300 _a190 p ;
_c22 cm.
490 1 _aNuevos tiempos ;
_v8
830 0 _aNuevos tiempos ;
_v8
_9184215
852 _aES-MaACL
_jL-26456
_bR.131464
999 _c47889
_d47889